| 000 | 00784nam a2200241 i 4500 | ||
|---|---|---|---|
| 003 | DO-SdBNP | ||
| 005 | 20250612105911.0 | ||
| 007 | ta | ||
| 008 | 250612b1930 sp ||||| |||| 00| 0 spa d | ||
| 040 |
_aDO-SdBNP _bspa _cBNPHU _erda |
||
| 082 | 4 |
_222 _axxx _bxxx |
|
| 100 | 1 |
_aVallvé, Manuel, _eautor _4aut. _988083 |
|
| 245 | 1 | 0 |
_aSócrates : _bla vida del gran moralista griego _cManuel Vallvé ; ilustración, F. de Myrbach |
| 264 | 1 |
_aBarcelona, España : _bCasa Editorial Araluce, _c1930. |
|
| 300 |
_a143 páginas ; _c18 cm. |
||
| 336 |
_atexto _btxt _2rdacontent |
||
| 337 |
_asin mediación _bn _2rdamedia |
||
| 338 |
_avolumen _bnc _2rdacarrier |
||
| 590 | _aInventariado, 2025/BT | ||
| 700 |
_aF., Myrbach de, _eilustrador _4il. _988084 |
||
| 910 | _aBtavárez | ||
| 942 |
_2ddc _cLBS1 |
||
| 999 |
_c59252 _d59252 |
||